| 000 -CABECERA |
| fixed length control field |
00996nam a22002177a 4500 |
| 003 - IDENTIFICADOR DEL NÚMERO DE CONTROL |
| control field |
AR-CdUCM |
| 008 - DATOS DE LONGITUD FIJA--INFORMACIÓN GENERAL |
| fixed length control field |
190225b ||||| |||| 00| 0 spa d |
| 040 ## - FUENTE DE LA CATALOGACIÓN |
| Agencia/entidad que catalogó originalmente la obra |
MUNICIPALIDAD PROVINCIAL DEL CUSCO |
| Entidad que transcribió la catalogación |
BIBLIOTECA MUNICIPAL DEL CUSCO |
| 082 ## - NÚMERO DE LA CLASIFICACIÓN DECIMAL DEWEY |
| No. de Clasificación |
370.985 / |
| Notacion interna |
S17 |
| 100 ## - ENTRADA PRINCIPAL--NOMBRE DE PERSONA |
| Nombre Personal |
Salas Rodríguez, J. Wilbert |
| 245 ## - MENCIÓN DE TÍTULO |
| Título |
Tendencias educativas contemporáneas / |
| 260 ## - PUBLICACIÓN, DISTRIBUCIÓN, ETC. |
| Lugar de publicación, distribución, etc. |
Cusco : |
| Nombre de la editorial, distribuidor, etc. |
Universidad Nacional de San Antonio Abad del Cusco, |
| Fecha de publicación, distribución, etc. |
1971. |
| 300 ## - DESCRIPCIÓN FÍSICA |
| Nº de Páginas Extensión |
268 páginas ; |
| Dimensiones |
20.5 cm. |
| 505 ## - NOTA DE CONTENIDO CON FORMATO |
| Nota de contenido formateada |
Contenido: La nueva educación -- educación antigua y educación nueva -- Corrientes determinantes de la nueva educación -- Fundamentos ideológicos de la nueva educación -- La liga internacional de la pedagogía contemporánea -- Origen de las diversas tendencias ... |
| 650 ## - PUNTO DE ACCESO ADICIONAL DE MATERIA--TÉRMINO DE MATERIA |
| Descriptor |
Pedagogía experiemental |
| 9 (RLIN) |
2304 |
| 650 ## - PUNTO DE ACCESO ADICIONAL DE MATERIA--TÉRMINO DE MATERIA |
| Descriptor |
Pedagogía antropológica |
| 9 (RLIN) |
2305 |
| 650 ## - PUNTO DE ACCESO ADICIONAL DE MATERIA--TÉRMINO DE MATERIA |
| Descriptor |
Pedagogía psicologica |
| 9 (RLIN) |
2306 |
| 650 ## - PUNTO DE ACCESO ADICIONAL DE MATERIA--TÉRMINO DE MATERIA |
| Descriptor |
Educación |
| 9 (RLIN) |
460 |
| 942 ## - ELEMENTOS DE PUNTO DE ACCESO ADICIONAL (KOHA) |
| Fuente de clasificación |
|
| Tipo de item |
Libros-BMC |
| 945 ## - PROCESAMIENTO DE INFORMACIÓN LOCAL (OCLC) |
| Catalogador |
raen |
| AAAA-MM-DD - Fecha de ingreso o modificacion |
2019-02-25 |